header

Thinking evolutionarily (Record no. 86348)

MARC details
000 -LEADER
fixed length control field 01818nam a2200349Ia 4500
245 00 - TITLE STATEMENT
Title Thinking evolutionarily
260 ## - PUBLICATION, DISTRIBUTION, ETC. (IMPRINT)
Place of publication Washington, D.C. :
Name of publisher National Academies Press,
Year of publication c2012.
300 ## - PHYSICAL DESCRIPTION
Number of Pages xiv, 96 p. :
Other physical details ill.
650 #0 - SUBJECT ADDED ENTRY--TOPICAL TERM
Topical Term Education
Topical Term Evolution (Biology)
Topical Term Evolution (Biology)
700 1# - ADDED ENTRY--PERSONAL NAME
Personal name Olson, Steve,
Personal name Labov, Jay B.
856 40 - ELECTRONIC LOCATION AND ACCESS
Uniform Resource Identifier http://site.ebrary.com/lib/rucke/Doc?id=10578462

No items available.

© 2026 Rongo University
Contact us: librarian | system librarian | Rongo university